| 000 | 00710nam a2200217 i 4500 | ||
|---|---|---|---|
| 001 | 145240 | ||
| 003 | ES-MaACL | ||
| 005 | 20250916063052.0 | ||
| 007 | t| | ||
| 008 | 070214s1960 sp r ||||1| spa d | ||
| 040 | _cES-MaACL | ||
| 100 | 1 |
_aSordo, Enrique _9107330 _eaut |
|
| 245 | 1 | 4 |
_aLas 100 más famosas novelas / _cseleccionadas y adaptadas por el crítico literario Enrique Sordo. |
| 260 |
_aBarcelona : _bGassó, _c[1960] ( _fSocitra) |
||
| 300 |
_a377 páginas ; _c22 cm. |
||
| 650 | 7 |
_2embne _9141583 _aLiteratura |
|
| 852 |
_aES-MaACL _jC-20143 _bR.48671 _9150484 _cGalería |
||
| 942 |
_cMONOGRAFIA _n0 |
||
| 999 |
_c145240 _d145240 |
||